000 00704nam a2200193 4500
001 132902
003 ES-MaACL
005 20250902102519.0
007 t|
008 070214s1935 sp r ||||1| spa d
100 1 _aRoyo Gómez, José,
_d1895-1961
_9100228
245 1 4 _aLas grandes tortugas del seudodiluvial castellano /
_cJ. Royo Gómez.
260 _aMadrid :
_b[s. n.],
_c1935.
300 _a24 p., 8 lám. ;
_c24 cm.
500 _aEs tirada aparte de: Boletín de la Sociedad Española de Historia Natural, t. XXXV, p. 463-486 + lám. XLVII-LIV.
710 2 _aReal Sociedad Española de Historia Natural
_96397
852 _aES-MaACL
_j1833-F-25
_bR.18559
999 _c132902
_d132902